Normal view MARC view
  • Figueroa, Mario Enrique,

Entry Nombre Personal

Number of records used in: 1

001 - NUMERO DE CONTROL

  • campo de control: 35976

003 - IDENTIFICADOR DE NUMERO DE CONTROL

  • campo de control: UPN

005 - FECHA Y HORA DE LA ÜLTIMA TRANSACCIÓN

  • campo de control: 20210219194509.0

008 - DATOS DE LONGITUD FIJA

  • campo de control de longitud fija: nabaccnnaabn|||||||||| b |nc|||||d

035 ## - NUMERO DE CONTROL

  • Número de control: UPN11000008083

040 ## - FUENTE DE CATALOGACIÓN

  • Lenguaje de catalogación: SPA
  • Agencia de transcripción: UPN

053 #4 - NÚMERO DE CLASIFICACIÓN LC

  • Número de clasificación elemento-número único o número inicial de tramo: PQ7298.16 I4.8

100 1# - ENCABEZAMIENTO - NOMBRE PERSONAL

  • Nombre personal: Figueroa, Mario Enrique,
  • Fechas asociadas con el nombre: 1946-

670 ## - FUENTE EN LA QUE SE LOCALIZARON DATOS

  • Cita de la fuente: T
  • Información localizada: La reina enemiga

680 ## - NOTA PUBLICA DE ACCESO PÚBLICO

  • Frase explicativa de la referencia: Ha colaborado de de hace más de veinte años como crítico literario y de cine. Actualmente forma parte de la redacción de la Gaceta del Fondo de Cultura Económica

902 ## - CATALOGADOR

  • Catalogador: MCM/101014